|
|
|
|
| LEADER |
00000cam a2200000 4500 |
| 001 |
vtls012082789 |
| 003 |
SK-MaSNL |
| 005 |
20260331212337.0 |
| 008 |
220110s2021 xo a a 000 0 slo |
| 015 |
|
|
|a SNBA2022/03
|
| 020 |
|
|
|a 9788055651316
|q (leporelo)
|
| 040 |
|
|
|a SNK
|b slo
|c SNK
|e rda
|
| 041 |
1 |
|
|a slo
|h dut
|
| 044 |
|
|
|a xo
|c SK
|
| 072 |
|
7 |
|a 629
|x Dopravné prostriedky
|2 konspekt
|
| 072 |
|
7 |
|a 0/9-053.2
|x Literatúra pre deti a mládež (náučná)
|2 konspekt
|
| 080 |
|
|
|a 629
|2 2011
|
| 080 |
|
|
|a (0.025.2)
|2 2011
|
| 080 |
|
|
|a (0.053.2)
|2 2011
|
| 100 |
1 |
|
|a Makii
|4 ill
|9 766713
|
| 240 |
1 |
0 |
|a Zigzag - Voertuigen
|l Slovensky
|
| 245 |
1 |
0 |
|a Cikcak
|p Vozidlá
|b zahraj sa na dvojmetrovej dráhe
|c Makii ; preklad Daniela Marsinová
|
| 246 |
3 |
0 |
|a Vozidlá
|
| 250 |
|
|
|a Prvé slovenské vydanie
|
| 264 |
|
1 |
|a Bratislava
|b Slovart
|c 2021
|
| 300 |
|
|
|a 14 nečíslovaných strán
|b farebné ilustrácie
|c 35 cm
|e 1 leták
|
| 336 |
|
|
|a text
|b txt
|2 rdacontent
|
| 336 |
|
|
|a statický obraz
|b sti
|2 rdacontent
|
| 337 |
|
|
|a bez média
|b n
|2 rdamedia
|
| 338 |
|
|
|a zväzok
|b nc
|2 rdacarrier
|
| 500 |
|
|
|a Preložené pravdepodobne z holandčiny
|
| 500 |
|
|
|a Rozkladacie kartónové listy, po rozložení prednej časti získame hraciu plochu
|
| 521 |
8 |
|
|a Pre deti od 3 rokov
|
| 650 |
0 |
7 |
|a dopravné prostriedky
|2 SNKPH
|9 66633
|
| 650 |
0 |
7 |
|a Means of transportation
|2 SNKPHeng
|9 303201
|
| 655 |
|
7 |
|a leporelá
|2 SNKPH
|9 60414
|
| 655 |
|
7 |
|a publikácie pre deti
|2 SNKPH
|9 70148
|
| 655 |
|
7 |
|a Picture books for children
|2 SNKPHeng
|9 277438
|
| 655 |
|
7 |
|a Publications for children
|2 SNKPHeng
|9 276792
|
| 700 |
1 |
|
|a Marsinová, Daniela
|c (mladšia)
|4 trl
|9 263420
|
| 919 |
|
|
|a 978-80-556-5131-6
|
| 958 |
|
|
|a DB
|
| 958 |
|
|
|a OP
|
| 968 |
|
|
|b NED
|
| 999 |
|
|
|c 1213822
|d 1215752
|
| 952 |
|
|
|a SNK
|b SNK
|y PREZ
|7 0
|p 17A1478791
|o snkOSB 20505
|i snk2022/1632
|8 0
|3 Dokument obsahuje 1 voľnú prílohu (informačný leták)
|0 0
|1 0
|4 0
|d 2022-01-28
|l 0
|r 2026-02-24 23:20:48
|w 2026-02-24
|
| 952 |
|
|
|a SNK
|b SNK
|y PREZ
|7 0
|p 17A1478792
|o snkOSB 20505/príl.
|i snk2022/1632
|8 0
|z Príl.: 1 informačný leták
|0 0
|1 0
|4 0
|d 2022-01-28
|l 0
|r 2026-02-24 23:20:48
|w 2026-02-24
|
| 952 |
|
|
|a SNK
|b SNK
|y PREZ
|7 0
|p 17A1478793
|o snkOSB 20505 D1
|i snk2022/1633
|8 0
|3 Dokument obsahuje 1 voľnú prílohu (informačný leták)
|0 0
|1 0
|4 0
|d 2022-01-28
|l 0
|r 2026-02-24 23:20:48
|w 2026-02-24
|
| 952 |
|
|
|a SNK
|b SNK
|y PREZ
|7 0
|p 17A1478794
|o snkOSB 20505/príl. D1
|i snk2022/1633
|8 0
|z Príl.: 1 informačný leták
|0 0
|1 0
|4 0
|d 2022-01-28
|l 0
|r 2026-02-24 23:20:48
|w 2026-02-24
|